000 00527nam a2200241Ia 4500
003 OSt
005 20220912151858.0
006 a|||||r|||| 00| 0
007 ta
008 220909b |||||||| |||| 00| 0 eng d
024 _a65371
037 _cTextual
040 _aCSL
_beng
_cCSL
041 _aeng
082 _aC, J3.1
100 _aPowell L S
245 0 _aPhysics
260 _c1953
300 _ap.
_ccm.
650 _aPhysics
942 _hC, J3.1
_cTEXL
_2CC
999 _c76798
_d76798